00341nam a2200121Ia 4500008004100000020001800041041000800059082003100067100003700098245004000135260003500175300000900210230411s9999 xx 000 0 und d a0-323-02481-5 aeng aMS/610.7361/URD/KAT/B05567 aUrden Linda Kathleen M & Lough M aPriorities In Critical Care Nursing bMosby ElsevieraMissouric2004 a577p